[Event "Desafio"]
[Site "http://www.queenalice.com/game.php?id=851051"]
[Date "2010.10.27"]
[Round "-"]
[White "fjalves"]
[Black "adrianaluz"]
[Result "1-0"]
[WhiteElo "1401"]
[BlackElo "1500"]

1. e4 a6 2. Bc4 Nf6 3. d3 e6 4. Nf3 Qe7 5. Bf4 Qb4+ 6. Nbd2 Ng4 7. Bxc7 Qc5 8.
Bg3 Nc6 9. h3 Nd4 10. Nxd4 Qxd4 11. hxg4 Bc5 12. Nf3 Qxb2 13. Ne5 Qb6 14. Rb1
Qa5+ 15. Qd2 Qa4 16. O-O O-O 17. Qf4 Qxc2 18. Bh4 Bd4 19. Be7 Re8 20. Qxf7+ Kh8
21. Qxe8# 1-0

[Event "Desafio"]
[Site "http://www.queenalice.com/game.php?id=851158"]
[Date "2010.10.27"]
[Round "-"]
[White "kalabric"]
[Black "adrianaluz"]
[Result "1-0"]
[WhiteElo "1804"]
[BlackElo "1251"]

1. e4 a6 2. Nf3 b5 3. Nc3 Nf6 4. d4 Nc6 5. Bg5 g6 6. Bd3 d6 7. O-O Qd7 8. Re1 h6
9. Bxf6 exf6 10. Nd5 Be7 11. c4 O-O 12. e5 Nb4 13. Nxb4 dxe5 14. dxe5 Bxb4 15.
Re2 Bc5 16. exf6 Bb7 17. Be4 Bxf2+ 18. Kxf2 Qg4 19. Bxb7 Rad8 20. Qc2 bxc4 21.
Bxa6 Rd5 22. Rd2 Rf5 23. Qxc4 Qxc4 24. Bxc4 g5 25. Rad1 Re8 26. Rd8 Rxd8 27.
Rxd8+ Kh7 28. Bd3 Kg6 29. g4 h5 30. Bxf5+ Kh6 31. Rh8# 1-0

[Event "Challenge"]
[Site "http://www.queenalice.com/game.php?id=851271"]
[Date "2010.10.27"]
[Round "-"]
[White "adrianaluz"]
[Black "mario48"]
[Result "0-1"]
[WhiteElo "1251"]
[BlackElo "1479"]

1. d4 d5 2. Nf3 Nf6 3. Nc3 Bf5 4. Qd2 e6 5. a3 c5 6. Qe3 Nc6 7. dxc5 d4 8. Nxd4
Nxd4 9. Qd3 Bxd3 10. exd3 Nxc2+ 11. Kd2 Nxa1 12. h4 Nb3+ 13. Kc2 Nxc1 14. Rh3
Bxc5 15. Be2 Nxe2 16. Nxe2 Bxf2 17. d4 Rc8+ 18. Nc3 Bxd4 19. g3 Bxc3 20. g4 Qd2+
21. Kb3 Qxb2+ 22. Ka4 Rc4# 0-1

[Event "AUTO-INT-1881"]
[Site "http://www.queenalice.com/game.php?id=862805"]
[Date "2010.11.23"]
[Round "1"]
[White "rayan10"]
[Black "adrianaluz"]
[Result "1-0"]
[WhiteElo "1701"]
[BlackElo "1228"]

1. e4 e5 2. Nf3 Bd6 3. Bc4 Qe7 4. Nc3 Bc5 5. Nd5 Qd6 6. c3 Nf6 7. Nxf6+ Qxf6 8.
d4 Bd6 9. Bg5 Qg6 10. Bd3 c5 11. dxe5 O-O 12. exd6 f6 13. e5 f5 14. O-O Nc6 15.
Bf4 b6 16. Qd2 Qh5 17. Rae1 Bb7 18. Qe2 Rae8 19. Qc2 Re6 20. Ng5 Rh6 21. h3 Qh4
22. Qd2 Rh5 23. g3 Qxf4 24. Qxf4 Na5 25. Bxf5 Bd5 26. g4 Rh4 27. Qg3 Nc4 28.
Qxh4 Kh8 29. Qxh7# 1-0

[Event "AUTO-INT-1881"]
[Site "http://www.queenalice.com/game.php?id=862806"]
[Date "2010.11.23"]
[Round "1"]
[White "adrianaluz"]
[Black "rayan10"]
[Result "0-1"]
[WhiteElo "1228"]
[BlackElo "1718"]

1. e4 e5 2. Qh5 d6 3. Bc4 g6 4. Bb5+ c6 5. Qe2 cxb5 6. Qxb5+ Qd7 7. Qd5 Nf6 8.
Qa5 Nxe4 9. d3 b6 10. Qd5 Bb7 11. Qb3 Nc5 12. Qb4 d5 13. Nf3 Nxd3+ 14. cxd3
Bxb4+ 15. Bd2 Bxd2+ 16. Kxd2 Qb5 17. Rd1 Qxb2+ 18. Ke3 Qxa1 19. Nfd2 O-O 20. Nb3
d4+ 21. Ke2 Qxa2+ 22. N3d2 Nd7 23. Ke1 Nc5 24. f3 Nxd3+ 25. Kf1 Ba6 26. h3 Nb2+
27. Ke1 Nxd1 28. Kxd1 d3 0-1

[Event "AUTO-INT-1881"]
[Site "http://www.queenalice.com/game.php?id=862821"]
[Date "2010.11.23"]
[Round "1"]
[White "adrianaluz"]
[Black "jumping"]
[Result "0-1"]
[WhiteElo "1295"]
[BlackElo "1674"]

1. e4 e5 2. Nf3 Nc6 3. Qe2 Nf6 4. Qe3 Ng4 5. b3 Nxe3 6. dxe3 Bb4+ 7. c3 Ba5 8.
Bc4 O-O 9. Bd2 d6 10. O-O Qf6 11. b4 Bb6 12. a3 a5 13. bxa5 Rxa5 14. Bc1 Bg4 15.
Ne1 Qg6 16. Ra2 Qxe4 17. Rb2 Qxc4 18. Nd2 Qxc3 19. Rb1 Bf5 20. e4 Bg6 21. Nef3
Nd4 22. Ng5 Ne2+ 23. Kh1 Qd3 24. Re1 Bxf2 25. Nb3 Bxe1 26. Nd2 Bxd2 27. Rb2 Bxc1
0-1

[Event "AUTO-INT-1881"]
[Site "http://www.queenalice.com/game.php?id=862822"]
[Date "2010.11.23"]
[Round "1"]
[White "jumping"]
[Black "adrianaluz"]
[Result "1-0"]
[WhiteElo "1676"]
[BlackElo "1294"]

1. e4 e5 2. Nf3 Qe7 3. Nc3 Na6 4. Nd5 Nc5 5. Nxc7+ Kd8 6. Nxa8 Nxe4 7. d3 Nc5 8.
Be3 Nf6 9. d4 Qe6 10. dxc5 Qa6 11. Bxa6 bxa6 12. Nxe5 Be7 13. Nxf7+ Ke8 14. Nc7+
Kxf7 15. Nd5 Ne4 16. Qh5+ g6 17. Qf3+ Nf6 18. O-O Re8 19. Rfe1 Bb7 20. Rad1 Bxd5
21. Rxd5 a5 22. Bd4 d6 23. c6 a4 24. Bxa7 h6 25. Ra5 h5 26. c7 Rc8 27. Bb6 1-0

[Event "AUTO-INT-1881"]
[Site "http://www.queenalice.com/game.php?id=862823"]
[Date "2010.11.23"]
[Round "1"]
[White "adrianaluz"]
[Black "Korchnoico"]
[Result "0-1"]
[WhiteElo "1228"]
[BlackElo "1794"]

1. e4 e6 2. Nf3 d5 3. Qe2 dxe4 4. Qxe4 Nf6 5. Qa4+ c6 6. Nd4 b5 7. Qb3 Be7 8.
Be2 a5 9. O-O a4 10. Qh3 e5 11. Nf3 Bxh3 12. gxh3 Qc8 13. d4 e4 14. Kg2 exf3+
15. Bxf3 Ra7 16. Re1 O-O 17. Bg5 Re8 18. Re5 h6 19. Bf4 Nbd7 20. Rg5 hxg5 21.
Bxg5 Nh7 22. Bf4 Ndf6 23. Nc3 Nd5 24. Ne4 Nxf4+ 25. Kg3 Ng6 26. Re1 f5 27. Nc3
Bh4+ 28. Kg2 Rxe1 29. Bg4 fxg4 30. hxg4 Qxg4# 0-1

[Event "AUTO-INT-1881"]
[Site "http://www.queenalice.com/game.php?id=862824"]
[Date "2010.11.23"]
[Round "1"]
[White "Korchnoico"]
[Black "adrianaluz"]
[Result "1-0"]
[WhiteElo "1842"]
[BlackElo "1293"]

1. e4 e5 2. d3 Bc5 3. Nf3 Qe7 4. Be2 Bb4+ 5. c3 Ba5 6. O-O Nc6 7. b4 Nf6 8. bxa5
O-O 9. Bg5 Nxa5 10. Qc2 Qe6 11. c4 b6 12. Qc3 Bb7 13. Nbd2 Nh5 14. Be3 d6 15.
Ne1 Rae8 16. Bxh5 Qf6 17. Bf3 Re6 18. Nb3 Nc6 19. d4 Qh4 20. d5 Rh6 21. Bxh6
Qxh6 22. dxc6 Bxc6 23. Qe3 Qg6 24. Nd2 Re8 25. g3 Ba4 26. Nb3 Re6 27. Qd3 Rf6
28. Qd5 Re6 29. Qa8+ Re8 30. Qxa7 Qe6 31. Qxa4 Rc8 32. Rd1 c6 33. Qa3 Re8 34.
Qxd6 Re7 35. Qxe6 Kf8 36. Qxe7+ 1-0

[Event "SuperHomemxMulherMaravilha"]
[Site "http://www.queenalice.com/game.php?id=869558"]
[Date "2010.12.9"]
[Round "-"]
[White "ReiNato"]
[Black "adrianaluz"]
[Result "1-0"]
[WhiteElo "1769"]
[BlackElo "1228"]

1. e4 Nc6 2. Nf3 g6 3. Bc4 e6 4. O-O Bc5 5. d4 Bxd4 6. Nxd4 Nf6 7. Nxc6 bxc6 8.
Bg5 O-O 9. e5 Qe7 10. Bxf6 Qb4 11. Qc1 Qe7 12. Bxe7 Re8 13. Bf6 Re7 14. Qh6 Re8
15. Qg7# 1-0

[Event "Challenge"]
[Site "http://www.queenalice.com/game.php?id=871463"]
[Date "2010.12.13"]
[Round "-"]
[White "adrianaluz"]
[Black "mteixeira"]
[Result "0-1"]
[WhiteElo "1273"]
[BlackElo "1708"]

1. e4 e5 2. Qg4 Nf6 3. Qf5 Nc6 4. Be2 d5 5. Qf3 Nd4 6. Qd3 dxe4 7. Qb5+ Nxb5 8.
Bxb5+ c6 9. Bc4 Bc5 10. Nh3 Ng4 11. O-O b5 12. Bb3 Qh4 13. Nc3 Nf6 14. d4 Bxh3
15. Ne2 Qg4 16. Ng3 Bxd4 17. Rb1 Bxg2 18. Be3 Bxf1 19. Kxf1 Bxe3 20. Re1 Qh3+
21. Kg1 Ng4 22. Nf1 Qxh2+ 23. Nxh2 Bxf2+ 24. Kh1 Bxe1 25. Nxg4 f5 26. Nxe5 c5
27. Bf7+ Ke7 28. Bd5 Bg3 29. c4 Bxe5 30. cxb5 e3 31. Kg1 Bg3 32. Kf1 Rad8 33. a4
Rxd5 34. Ke2 f4 35. b3 Rd2+ 36. Kf1 f3 37. a5 e2+ 38. Kg1 e1=Q# 0-1

[Event "Challenge"]
[Site "http://www.queenalice.com/game.php?id=876993"]
[Date "2010.12.26"]
[Round "-"]
[White "adrianaluz"]
[Black "jamba"]
[Result "0-1"]
[WhiteElo "1288"]
[BlackElo "1327"]

1. e4 c5 2. Bb5 Nc6 3. Qh5 g6 4. Qxc5 d6 5. Bxc6+ bxc6 6. Qxc6+ Bd7 7. Qa6 Nf6
8. Nf3 Nxe4 9. Nd4 e5 10. Nb5 Rc8 0-1

[Event "Challenge"]
[Site "http://www.queenalice.com/game.php?id=880684"]
[Date "2011.1.3"]
[Round "-"]
[White "adrianaluz"]
[Black "shatranj"]
[Result "0-1"]
[WhiteElo "1293"]
[BlackElo "1332"]

1. e4 e5 2. Bb5 c6 3. Qg4 cxb5 4. d3 Nf6 5. Qf5 d6 6. Qg5 Nc6 7. Nf3 h6 8. Qg3
Nb4 9. O-O Nxc2 10. Nfd2 Nxa1 11. Nf3 g5 12. Bd2 Nh5 13. Na3 Nxg3 14. Rxa1 Ne2+
15. Kf1 b4 16. Kxe2 g4 17. Ng1 d5 18. Nb5 Bc5 19. Rc1 Qb6 20. a4 Qa5 21. Rxc5
O-O 22. Rxd5 Qxa4 23. Bxh6 Qc2+ 24. Ke3 Qxb2 25. Rc5 b6 26. Ne2 Ba6 27. h4 bxc5
28. Nd6 Rfd8 29. Nf5 Bxd3 30. Neg3 Qc1# 0-1

[Event "Challenge"]
[Site "http://www.queenalice.com/game.php?id=945814"]
[Date "2011.6.3"]
[Round "-"]
[White "adrianaluz"]
[Black "ijro"]
[Result "0-1"]
[WhiteElo "1273"]
[BlackElo "1249"]

1. d4 d5 2. Bd2 Bf5 3. Nc3 c6 4. Be3 e6 5. Qd3 Bxd3 6. exd3 Nd7 7. O-O-O Qa5 8.
Be2 O-O-O 9. h4 Bb4 10. Kb1 Ngf6 11. Rh3 Nh5 0-1